Catalog

Record Details

Catalog Search



Towards a Design Flow for Reversible Logic Cover Image E-book E-book

Towards a Design Flow for Reversible Logic [electronic resource] / by Robert Wille, Rolf Drechsler.

Wille, Robert. (author.). Drechsler, Rolf. (author.). SpringerLink (Online service) (Added Author).

Record details

  • ISBN: 9789048195794
  • Physical Description: XIII, 184p. online resource.
  • Publisher: Dordrecht : Springer Netherlands : 2010.
Subject: Engineering.
Systems engineering.
Engineering.
Circuits and Systems.

Electronic resources


LDR 01289nam a22003615i 4500
00128217
003CONS
00520131219133113.0
007cr nn 008mamaa
008100728s2010 ne | s |||| 0|eng d
020 . ‡a9789048195794 ‡9978-90-481-9579-4
0247 . ‡a10.1007/978-90-481-9579-4 ‡2doi
035 . ‡a(DE-He213)978-90-481-9579-4
050 4. ‡aTK7888.4
072 7. ‡aTJFC ‡2bicssc
072 7. ‡aTEC008010 ‡2bisacsh
1001 . ‡aWille, Robert. ‡eauthor.
24510. ‡aTowards a Design Flow for Reversible Logic ‡h[electronic resource] / ‡cby Robert Wille, Rolf Drechsler.
264 1. ‡aDordrecht : ‡bSpringer Netherlands : ‡bImprint: Springer, ‡c2010.
300 . ‡aXIII, 184p. ‡bonline resource.
336 . ‡atext ‡btxt ‡2rdacontent
337 . ‡acomputer ‡bc ‡2rdamedia
338 . ‡aonline resource ‡bcr ‡2rdacarrier
347 . ‡atext file ‡bPDF ‡2rda
650 0. ‡aEngineering.
650 0. ‡aSystems engineering.
65014. ‡aEngineering.
65024. ‡aCircuits and Systems.
7001 . ‡aDrechsler, Rolf. ‡eauthor.
7102 . ‡aSpringerLink (Online service)
7730 . ‡tSpringer eBooks
77608. ‡iPrinted edition: ‡z9789048195787
85640. ‡uhttp://biblioteca.ipicyt.edu.mx:2048/login?url=http://dx.doi.org/10.1007/978-90-481-9579-4 ‡yTexto completo ‡9CONS
950 . ‡aEngineering (Springer-11647)
901 . ‡a28217 ‡b ‡c28217 ‡tbiblio ‡sSystem Local

Additional Resources